| 000 | 02634nam a2200433 i 4500 | ||
|---|---|---|---|
| 001 | 194886 | ||
| 003 | SpMaBN | ||
| 005 | 20250804062703.0 | ||
| 008 | 240517s2008 sp | |||| 000 f spa | ||
| 015 | _aMON08 | ||
| 017 |
_aB 29453-2008 _bOficina Depósito Legal Barcelona |
||
| 020 | _a9788498381689 | ||
| 035 | _a(OCoLC)259744257 | ||
| 040 |
_aSpMaBN _bspa _cSpMaBN _erdc |
||
| 080 | _a821.112.2-31"19" | ||
| 100 |
_aLink, Charlotte, _d1963- _9236510 _eaut |
||
| 240 | 1 | 0 |
_aDas Echo der Schuld _lEspañol |
| 245 | 1 | 0 |
_aEcos del pasado / _cCharlotte Link ; traducción, Beatriz Galán Echevarría |
| 250 | _aPrimera Edición: julio 2008 | ||
| 260 |
_aBarcelona : _bSalamandra, _c2008 |
||
| 300 |
_a412 páginas ; _c24 cm |
||
| 336 |
_2rdacontent _atexto |
||
| 337 |
_2rdamedia _asin mediación |
||
| 338 |
_2rdacarrier _avolumen |
||
| 490 | 1 | _a[Novela] | |
| 520 | _aLa familia Quentin se encuentra en su bucólica casa de Dunvegan, en la isla de Skye, disfrutando de la placidez de finales de agosto. Sin embargo, el hundimiento de una pequeña embarcación cerca de la costa trunca la armonía familiar. Los Moor, que se encontraban a bordo del Dandelion, han sobrevivido, y Virginia decide darles cobijo a pesar de los reparos de su marido. Al finalizar las vacaciones, el matrimonio alemán se queda en Dunvegan y los Quentin regresan a Norfolk. Virginia y la pequeña Kim pasan la mayor parte del tiempo solas en Frendale, la mansión familiar, mientras Frederic trabaja en Londres. A Virginia le gusta su vida recluida. Pero el falso entorno de paz que ha construido desaparece cuando Nathan Moor llama a su puerta... Virginia, una mujer melancólica que guarda secretos inconfesables, hallará en ese extraño un confidente y un hombre capaz de hacerla sentir viva. Entretanto, un pederasta anda suelto en la zona y ya se ha cobrado la vida de dos niñas. Todas corren peligro. Incluso Kim... Especialmente Kim. | ||
| 594 | _aTraducción de: Das Echo der Schuld | ||
| 655 | 0 |
_aNovelas _9234319 |
|
| 700 | 0 |
_953301 _aGalán Echevarría, Beatriz _etrl |
|
| 830 | 0 |
_aNovela (Ediciones Salamandra) _9236511 |
|
| 852 |
_aES-MaACL _cDEPOJ _jN-9910 _hDonación: José Lázaro García _xEncuadernación cartoné con sobrecubierta _9205824 |
||
| 903 |
_9234219 _aLázaro García, José _ednr |
||
| 942 |
_cMONOGRAFIA _n0 |
||
| 999 |
_c194886 _d194886 |
||